000 00727nam a2200241Ia 4500
003 OSt
005 20220926012107.0
006 a|||||r|||| 00| 0
007 ta
008 220923b |||||||| |||| 00| 0 eng d
020 _ceuro 1295
037 _b34071, 20/11/1987, IBD
_cGeneral Book
040 _aRTL
_cRTL
_beng
041 _2eng
_aeng
082 _aXM5:8.73.N8, M7
100 _aJohnston Moira
_9315483
245 0 _aTakeover
_bInside the world of the Wall Street war
260 _aNew York
_bBantam Press
_c1987
300 _axiii,418p
_ccm.
650 _aJoint Stock Company
942 _hXM5:8.73.N8, M7
_cGB
_2CC
999 _c621662
_d621662